| 000 -LEADER |
| fixed length control field |
00752nam a22001937a 4500 |
| 005 - DATE AND TIME OF LATEST TRANSACTION |
| control field |
20210713122931.0 |
| 008 - FIXED-LENGTH DATA ELEMENTS--GENERAL INFORMATION |
| fixed length control field |
210709s2021 ge ||||| |||| 00| 0 eng d |
| 020 ## - INTERNATIONAL STANDARD BOOK NUMBER |
| International Standard Book Number |
9789941494154 |
| 041 ## - LANGUAGE CODE |
| Language code of text/sound track or separate title |
eng |
| 080 ## - UNIVERSAL DECIMAL CLASSIFICATION NUMBER |
| Universal Decimal Classification number |
94(479.22) K-97 |
| 100 ## - MAIN ENTRY--PERSONAL NAME |
| Personal name |
Kvesitadze, Giorgi |
| 9 (RLIN) |
12224 |
| 245 ## - TITLE STATEMENT |
| Title |
Science of Georgia : |
| Remainder of title |
On the 80th anniversary of the Academy of Sciences / |
| Statement of responsibility, etc. |
Giorgi Kvesitadze, Roin Metreveli; |
| 264 ## - PRODUCTION, PUBLICATION, DISTRIBUTION, MANUFACTURE, AND COPYRIGHT NOTICE |
| Place of production, publication, distribution, manufacture |
Tbilisi, |
| Date of production, publication, distribution, manufacture, or copyright notice |
2021. |
| 300 ## - PHYSICAL DESCRIPTION |
| Extent |
91 p. ; |
| Other physical details |
ill.; |
| Dimensions |
23 cm. |
| 653 ## - INDEX TERM--UNCONTROLLED |
| keyword |
საქართველოს მეცნიერების აკადემიის 80 წლის იუბილე |
| 700 ## - ADDED ENTRY--PERSONAL NAME |
| Personal name |
Metrteveli, Roin |
| Relator term |
ავტორი |
| 9 (RLIN) |
12225 |
| 710 ## - ADDED ENTRY--CORPORATE NAME |
| Corporate name or jurisdiction name as entry element |
Georgian National Academy of Sciences |
| 9 (RLIN) |
2547 |
| 942 ## - ADDED ENTRY ELEMENTS (KOHA) |
| Source of classification or shelving scheme |
|
| Koha item type |
წიგნი |